000 00757nam a2200205Ii 4500
003 JO-AjNU
008 230605s9999||||xx |||||||||||||| ||und||
040 _aJO-AjNU
_bara
_erda
_cJO-AjNU
041 _aara
050 1 4 _aDS113.8.S4.I8782 1981
100 3 _aتاليق مجموعة من الكتاب اليهود؛ ترجمة جديد، فؤاد,
_eauthor
_97796
245 0 0 _aإسرائيل الثانية: المشكلة السفاردية
250 _aط1
264 3 1 _aبيروت: د.ن، 1981
300 _a205ص
336 _atext
_btxt
_2rdacontent
337 _aunmediated
_bn
_2rdamedia
338 _avolume
_bnc
_2rdacarrier
650 4 _aاليهود السفارديم- اسرائيل، الطبقات الاجتماعية- اسرائيل
_97797
999 _aA461
_c4029
_d4029